000 00695cam a2200217 a 4500
001 000008781
005 20200929161416.0
008 910720s1990 cu 000 0 spa
040 _aDO-SdBNP
_cDLC
_dDLC
082 _aA863.44
_bD536z
100 1 _aDi Benedetto, Antonio,
_d1922-1986.
_923324
245 1 0 _aZama /
_cAntonio Di Benedetto.
260 _aCiudad de La Habana, (Cuba) :
_bCasa de las Américas,
_c[1990].
300 _axx, 247 p. ;
_c19 cm.
490 1 _aLiteratura latinoamericana
_v127
650 4 _aNovela argentina
_93941
650 4 _aLiteratura argentina
_93860
830 0 _aLiteratura latinoamericana ;
_v127.
_9500
910 _aCatalogación por copia / LC
049 _aBNGR
999 _c8550
_d8550